| 000 | 00505nam a22001817a 4500 | ||
|---|---|---|---|
| 999 |
_c27624 _d27624 |
||
| 003 | OSt | ||
| 005 | 20250213120147.0 | ||
| 008 | 250213b ||||| |||| 00| 0 eng d | ||
| 040 | _cimukc | ||
| 041 | _aeng | ||
| 082 |
_a920.8 _bR128 |
||
| 245 |
_aMahatma Gandhi : essays and reflections on his life and work / _cedited by S. Radhakrishnan |
||
| 250 | _a2nd ed. | ||
| 260 |
_aBombay : _bJaico publising house, _c1957. |
||
| 300 | _a426 p. | ||
| 650 | 0 |
_9338 _aBiography |
|
| 942 |
_2ddc _cBK |
||